000 00828nam a2200265Ia 4500
003 OSt
005 20221005062110.0
006 a|||||r|||| 00| 0
007 ta
008 221004b |||||||| |||| 00| 0 eng d
020 _a9780415657143 (hbk)
_c12556.70
024 _a25779
037 _bBBS/145, 22/03/2016, Better Book Service
_cTextual
040 _aCRL
_cCRL
_beng
041 _2eng
_aeng
082 _aWg, Q6
100 _aBevir Mark Ed.
245 0 _aRoutledge handbook of interpretive political science
260 _aLondon
_bRoutledge UK
_c2016
300 _axii, 475p.
_ccm.
650 _aPOLITICAL SCIENCE
700 _a Rhodes R.A.W. Ed.
_9469538
942 _hWg, Q6
_cTEXL
_2cc
999 _c969187
_d969187